Energia powierzchni rozdziału faz w metalach.
Uložené v:
| Hlavný autor: | |
|---|---|
| Médium: | Kniha |
| Jazyk: | Slovak |
| Vydané: |
Katowice,
1975.
|
| Fyzický popis: |
228 s. |
| Tagy: |
Pridať tag
Žiadne tagy, Buďte prvý kto otaguje tento záznam!
|
Titul je dostupný aj v ... 

MARC
| LEADER | 00000nam a22000004a 4500 | ||
|---|---|---|---|
| 001 | 000617607 | ||
| 005 | 20190530152542.0 | ||
| 008 | 190530s1975 xo e 000 0 slo d | ||
| 040 | |a SVKKK |b slo |c SVKKK |e AACR2 | ||
| 100 | 1 | |a Missol, Witold | |
| 245 | 1 | 0 | |a Energia powierzchni rozdziału faz w metalach. |
| 260 | |a Katowice, |c 1975. | ||
| 300 | |a 228 s. | ||
| 500 | |a Záznam revízie | ||
| 910 | |a svkkk | ||
| 998 | |a BK | ||
| 090 | |g SCKHL |k Sklad Hlavná 10 suterén |a I.52714 |j 640277 |i 2720799460 |s Absenčne | ||